| 000 | 00519nam a2200217Ia 4500 | ||
|---|---|---|---|
| 003 | OSt | ||
| 005 | 20140405095700.0 | ||
| 008 | 140130s9999 xx 000 0 und d | ||
| 020 | _a0439241014 | ||
| 050 |
_aPZ 8.3 _b.Y76Hm 2004 |
||
| 100 | _aYolen, Jane | ||
| 245 |
_cJane Yolen. _aHow do dinosaurs get well soon? |
||
| 260 |
_bScholastic, _c2004. _aUSA : |
||
| 300 |
_a30 p. : _bcol. ill. ; _c30 cm. |
||
| 440 | _v1 | ||
| 521 | _aG1 | ||
| 526 | _c230 | ||
| 942 |
_cBK _2lcc |
||
| 999 |
_c40005 _d40005 |
||